| 000 | 00669nam a2200241Ia 4500 | ||
|---|---|---|---|
| 003 | GCL | ||
| 008 | 140319s9999 xx 000 0 ara d | ||
| 040 |
_aGCL / _cGCL |
||
| 082 | 0 | 4 |
_aق _b962.04 _bف ن |
| 100 | 1 | _aفؤاد كرم | |
| 245 | 1 | 0 |
_aالنظارات والوزارات المصرية / _cفؤاد كرم |
| 260 |
_aالقاهرة : _bدار الكتب ، _c1969 |
||
| 300 | _a696 ص | ||
| 490 | _a | ||
| 650 | 0 | 4 | _aمصر |
| 650 | 0 | 4 | _aالتاريخ |
| 650 | 0 | 4 | _aالهيئات التشريعية |
| 650 | 0 | 4 | _aالوزراء |
| 650 | 0 | 4 | _aتصريح بلفور |
| 650 | 0 | 4 | _aالهيئات |
| 650 | 0 | 4 | _aالوزارات |
| 942 |
_2ddc _cBK |
||
| 999 |
_c59099 _d59099 |
||